Neighbourhoods of Reykjavik (Iceland) - Statistics

General Stats
  • This quiz has been taken 8 times
  • The average score is 7 of 31
Answer Stats
Answer % Correct
Kópavogur
63%
Hlidar
63%
Midbær
63%
Gardabær
50%
Laugardalur
50%
Mosfellsbær
50%
Vesturbær
50%
Breidholt
38%
Grafarholt
38%
Grafarvogur
38%
Hafnarfjördur
38%
Árbær
25%
Holt
25%
Kársnes
25%
Midborg
25%
Urridaholt
25%
Seltjarnes
13%
Smárar
13%
Vatnsendi
13%
Álftanes
0%
Ásland
0%
Digranes
0%
Fifuhvammur
0%
Háaleiti og Bústadir
0%
Hraun
0%
Leirvogstunga
0%
Nordurbær
0%
Skardshlid
0%
Sudurbær
0%
Ulfalsárdalur
0%
Vellir
0%
No matching quizzes found
Score Distribution
Percent of People with Each Score
Percentile by Number Answered
Your Score History
You have not taken this quiz